| 000 | 00421nam a2200181Ia 4500 | ||
|---|---|---|---|
| 001 | 10841 | ||
| 005 | 20260306161902.0 | ||
| 008 | 260306t1985||||xx |||||||||||||| ||spa|| | ||
| 041 | _aESP | ||
| 082 |
_a974.01 _bS714 |
||
| 100 |
_aSahagún, Bernardino de _eAUT |
||
| 245 | 0 | _aHablan los Aztecas | |
| 260 | _c1985 | ||
| 300 |
_a257 páginas : _c25 cm. |
||
| 650 | _aGEN | ||
| 654 | _aCHU | ||
| 942 |
_cLIB _dJUS _fJUS _2ddc _n |
||
| 999 |
_c10841 _d10841 |
||